[Event "CAN-ch Seniors 65+"]
[Site "Etobicoke CAN"]
[Date "2023.08.05"]
[Round "3.1"]
[White "Berengolts, Isai"]
[Black "Loadman, Ian"]
[Result "0-1"]
[WhiteElo "2018"]
[BlackElo "2132"]
[PlyCount "84"]
[EventDate "2023.08.04"]
[EventType "swiss"]
[EventRounds "7"]
[EventCountry "CAN"]

1. e4 e5 2. Nf3 Nc6 3. Bc4 Nf6 4. Ng5 d5 5. exd5 Na5 6. Bb5+ c6 7. dxc6 bxc6 8.
Bd3 Nd5 9. Ne4 Nf4 10. Bf1 f5 11. g3 fxe4 12. gxf4 Qh4 13. Nc3 Bf5 14. Qe2 Bc5
15. Nxe4 Bxe4 16. Qxe4 O-O 17. Kd1 Rae8 18. d3 exf4 19. Qf3 Bxf2 20. Bd2 Be1
21. Be2 Bxd2 22. Kxd2 Re3 23. Qf1 f3 24. Kxe3 Qf4+ 25. Kf2 fxe2+ 26. Kxe2 Qe5+
27. Kd2 Rxf1 28. Rhxf1 Qxh2+ 29. Kc3 Qe5+ 30. Kd2 Qg5+ 31. Kc3 Qc5+ 32. Kd2
Qb4+ 33. Kc1 Nb7 34. c3 Qd6 35. Kc2 Qh2+ 36. Kb3 Nc5+ 37. Kc4 Qd6 38. d4 Qd5+
39. Kb4 a5+ 40. Ka3 Ne4 41. Rad1 h6 42. Rfe1 Nd6 0-1

[Event "CAN-ch Seniors 65+"]
[Site "Etobicoke CAN"]
[Date "2023.08.05"]
[Round "3.2"]
[White "Wood, Monika"]
[Black "Bluvshtein, Ilia"]
[Result "0-1"]
[WhiteElo "1146"]
[BlackElo "2076"]
[PlyCount "103"]
[EventDate "2023.08.04"]
[EventType "swiss"]
[EventRounds "7"]
[EventCountry "CAN"]

1. d4 Nf6 2. Nf3 g6 3. Bf4 Bg7 4. c3 O-O 5. h3 c5 6. Nbd2 cxd4 7. cxd4 Nc6 8.
e3 d6 9. Bd3 e5 10. Bg5 exd4 11. Bxf6 Bxf6 12. e4 Be6 13. Nb3 Qb6 14. Nfd2 Ne5
15. Qe2 Rac8 16. O-O Nxd3 17. Qxd3 d5 18. Qf3 Bg7 19. exd5 Bf5 20. Ne4 Rc2 21.
Rab1 Qa6 22. a3 Qb5 23. Nd6 Qd7 24. Nxf5 Qxf5 25. Qxf5 gxf5 26. Rfd1 Rc4 27.
Na5 Rc5 28. Nb3 Rxd5 29. Nd2 Rc8 30. Rbc1 Rxc1 31. Rxc1 Bh6 32. Rc8+ Kg7 33.
Nf3 d3 34. Rc7 b6 35. Rxa7 d2 36. Nxd2 Rxd2 37. b3 Rd1+ 38. Kh2 Bf4+ 39. g3 Be5
40. Re7 Bd4 41. Re2 Rb1 42. b4 Rb3 43. Rd2 Bc3 44. Ra2 Bb2 45. g4 fxg4 46. hxg4
Bxa3 47. Re2 Bxb4 48. Re4 Bc5 49. Kg2 Rb2 50. Rf4 Rxf2+ 51. Rxf2 Bxf2 52. Kxf2
0-1

[Event "CAN-ch Seniors 65+"]
[Site "Etobicoke CAN"]
[Date "2023.08.05"]
[Round "3.4"]
[White "Fradkin, Benjamin"]
[Black "Finlay, Ian"]
[Result "1-0"]
[WhiteElo "1906"]
[BlackElo "1833"]
[PlyCount "117"]
[EventDate "2023.08.04"]
[EventType "swiss"]
[EventRounds "7"]
[EventCountry "CAN"]

1. d4 f5 2. e4 fxe4 3. Nc3 Nf6 4. Bg5 Nc6 5. f3 e6 6. fxe4 Be7 7. Nf3 O-O 8.
Qd2 Qe8 9. Bd3 Nb4 10. O-O Nxd3 11. Qxd3 h6 12. Bxf6 Bxf6 13. e5 Be7 14. Nb5
Qd8 15. Qc3 c6 16. Nd6 b6 17. Nd2 Bxd6 18. exd6 Ba6 19. Rxf8+ Qxf8 20. Qg3 Qf5
21. c4 Qc2 22. Qc3 Qg6 23. Rf1 b5 24. Qa5 Qd3 25. Nf3 Bc8 26. Qd8+ Kh7 27. Qh4
Qe3+ 28. Kh1 bxc4 29. Re1 Qd3 30. Ne5 Qf5 31. Kg1 c3 32. bxc3 Ba6 33. Nxd7 g5
34. Qe4 Bd3 35. Qxe6 Qxe6 36. Rxe6 Bf5 37. Re7+ Kg8 38. g4 Bg6 39. c4 a5 40.
Ne5 Be4 41. c5 Rb8 42. d7 Kf8 43. Re8+ Rxe8 44. dxe8=Q+ Kxe8 45. Nc4 Kd7 46.
Nxa5 Kc7 47. Kf2 Bb1 48. Nc4 Bxa2 49. Ne3 Be6 50. Kf3 Kd7 51. Ke4 Ke7 52. Nf5+
Kf6 53. Nxh6 Bd5+ 54. Ke3 Be6 55. Nf5 Bxf5 56. gxf5 Kxf5 57. d5 cxd5 58. Kd4
Ke6 59. h3 1-0

[Event "CAN-ch Seniors 65+"]
[Site "Etobicoke CAN"]
[Date "2023.08.05"]
[Round "3.5"]
[White "Benggawan, Undriadi"]
[Black "Brown, John R"]
[Result "1/2-1/2"]
[WhiteElo "1327"]
[BlackElo "1343"]
[PlyCount "38"]
[EventDate "2023.08.04"]
[EventType "swiss"]
[EventRounds "7"]
[EventCountry "CAN"]

1. d4 Nf6 2. Bf4 d6 3. e3 Nbd7 4. Nf3 h6 5. h4 e6 6. Nc3 a6 7. e4 Nb6 8. e5
Nfd5 9. Bg3 Be7 10. Ne4 f5 11. exd6 cxd6 12. Ned2 f4 13. Bh2 O-O 14. c4 Ne3 15.
Qb3 Nxf1 16. Rxf1 Nd7 17. g3 fxg3 18. fxg3 Qb6 19. Qxb6 Nxb6 1/2-1/2

[Event "CAN-ch Seniors 65+"]
[Site "Etobicoke CAN"]
[Date "2023.08.05"]
[Round "3.6"]
[White "Glew, Richard"]
[Black "Szucs, Nadia"]
[Result "1-0"]
[WhiteElo "1721"]
[BlackElo "1633"]
[PlyCount "41"]
[EventDate "2023.08.04"]
[EventType "swiss"]
[EventRounds "7"]
[EventCountry "CAN"]

1. e4 c5 2. Nf3 Nc6 3. d4 cxd4 4. Nxd4 g6 5. c4 Bg7 6. Be3 Nf6 7. Nc3 d6 8. Be2
O-O 9. O-O Bd7 10. f4 a6 11. Qd2 Rc8 12. Rad1 Bg4 13. Nxc6 Rxc6 14. e5 Bxe2 15.
Qxe2 Nd7 16. exd6 exd6 17. Nd5 Re8 18. b3 Nc5 19. Qf3 Ne4 20. f5 Be5 21. fxg6
1-0

[Event "CAN-ch Seniors 65+"]
[Site "Etobicoke CAN"]
[Date "2023.08.06"]
[Round "4.2"]
[White "Bluvshtein, Ilia"]
[Black "Berengolts, Isai"]
[Result "1-0"]
[WhiteElo "2076"]
[BlackElo "2018"]
[PlyCount "89"]
[EventDate "2023.08.04"]
[EventType "swiss"]
[EventRounds "7"]
[EventCountry "CAN"]

1. e4 c5 2. Nf3 g6 3. d4 cxd4 4. Nxd4 Nc6 5. Be3 Nf6 6. Nc3 Bg7 7. Bc4 O-O 8.
Bb3 Ng4 9. Qxg4 Nxd4 10. Qh4 Qa5 11. O-O Bf6 12. Qg4 e6 13. Rfd1 h5 14. Qf4
Qxc3 15. Bxd4 Qxd4 16. Rxd4 Bxd4 17. c3 Bg7 18. a4 b6 19. Qc7 Ba6 20. Rd1 Rfc8
21. Qxd7 Bc4 22. Bxc4 Rxc4 23. g3 h4 24. Kg2 Bf6 25. Qb7 Rf8 26. f4 Rxa4 27.
Kf3 hxg3 28. hxg3 Ra2 29. e5 Bg7 30. Rd2 Ra5 31. Qc7 Ra1 32. Qb7 Ra5 33. b4 Ra1
34. Ke3 Rg1 35. Kf2 Ra1 36. Rd3 g5 37. Qe7 gxf4 38. gxf4 Rh1 39. Qxa7 b5 40.
Qb7 Rh6 41. Qb6 Ra8 42. Rd8+ Rxd8 43. Qxd8+ Kh7 44. Qe8 f6 45. Qxe6 1-0

[Event "CAN-ch Seniors 65+"]
[Site "Etobicoke CAN"]
[Date "2023.08.06"]
[Round "4.3"]
[White "Glew, Richard"]
[Black "Fradkin, Benjamin"]
[Result "0-1"]
[WhiteElo "1721"]
[BlackElo "1906"]
[PlyCount "86"]
[EventDate "2023.08.04"]
[EventType "swiss"]
[EventRounds "7"]
[EventCountry "CAN"]

1. e4 c6 2. d4 d5 3. exd5 cxd5 4. c4 Nf6 5. Nc3 Nc6 6. Nf3 e6 7. Bd3 Nb4 8. a3
Nxd3+ 9. Qxd3 dxc4 10. Qxc4 Be7 11. O-O O-O 12. Rd1 Nd5 13. Nxd5 exd5 14. Qd3
Be6 15. Bf4 Rc8 16. Rac1 Qb6 17. Qd2 Bf6 18. Be5 Be7 19. h3 Rc6 20. Rxc6 Qxc6
21. Rc1 Qb5 22. Rc7 Bd8 23. Rc5 Qa4 24. Qc2 Qxc2 25. Rxc2 Bb6 26. b4 Rc8 27.
Rxc8+ Bxc8 28. Bd6 a6 29. Kf1 f6 30. Ke2 Kf7 31. Bc5 Bd8 32. g4 Bc7 33. Ba7 h5
34. a4 hxg4 35. hxg4 Bxg4 36. a5 f5 37. Bc5 f4 38. Ba7 Bh5 39. Bc5 Bb8 40. Bb6
Bd6 41. Bc5 Bb8 42. Bb6 Kf6 43. Bd8+ Kf5 0-1

[Event "CAN-ch Seniors 65+"]
[Site "Etobicoke CAN"]
[Date "2023.08.06"]
[Round "4.4"]
[White "Brown, John R"]
[Black "Wood, Monika"]
[Result "1-0"]
[WhiteElo "1343"]
[BlackElo "1146"]
[PlyCount "133"]
[EventDate "2023.08.04"]
[EventType "swiss"]
[EventRounds "7"]
[EventCountry "CAN"]

1. e4 e5 2. Bc4 Nf6 3. d4 Nc6 4. Nf3 Qe7 5. O-O h6 6. Re1 d6 7. h3 Bd7 8. a4
Na5 9. Bf1 Nc6 10. c3 a6 11. b4 Qd8 12. d5 Na7 13. Be3 b6 14. Nbd2 Be7 15. Bxa6
O-O 16. Bd3 c6 17. c4 c5 18. b5 Nh7 19. Nb3 Bf6 20. Qd2 Be7 21. Ra2 f5 22. Qc3
f4 23. Bd2 Ng5 24. Nxg5 Bxg5 25. Rea1 f3 26. Bf1 Bxd2 27. Qxd2 Qf6 28. a5 Nc8
29. g3 Qg6 30. Qd3 Qh5 31. Nd2 Bxh3 32. Bxh3 Qxh3 33. Nxf3 Qg4 34. Nh2 Qg5 35.
axb6 Nxb6 36. Ra6 Qd8 37. Qe2 Qc7 38. Rxa8 Rxa8 39. Rxa8+ Nxa8 40. Qa2 Nb6 41.
Nf3 Qf7 42. Nd2 h5 43. Qa6 Qc7 44. Kg2 Kh7 45. Qa3 g6 46. Qa2 Qb8 47. Nf3 Qd8
48. Ng5+ Qxg5 49. Qa7+ Kh6 50. Qxb6 h4 51. Qxd6 hxg3 52. Qf8+ Kh5 53. Qf3+ Kh6
54. Qxg3 Qd2 55. Qxe5 Qb4 56. d6 Qxc4 57. Qd5 Qxb5 58. d7 Qe2 59. Qe6 Qh5 60.
Qh3 c4 61. d8=Q Qxh3+ 62. Kxh3 c3 63. Kh4 Kg7 64. Kg5 c2 65. Qe7+ Kg8 66. Kxg6
c1=Q 67. Qg7# 1-0

[Event "CAN-ch Seniors 65+"]
[Site "Etobicoke CAN"]
[Date "2023.08.06"]
[Round "4.5"]
[White "Verde, Pino"]
[Black "Benggawan, Undriadi"]
[Result "1-0"]
[WhiteElo "1473"]
[BlackElo "1327"]
[PlyCount "87"]
[EventDate "2023.08.04"]
[EventType "swiss"]
[EventRounds "7"]
[EventCountry "CAN"]

1. e4 c5 2. Nf3 g6 3. c3 Bg7 4. Bc4 Nc6 5. O-O a6 6. a4 Nf6 7. Re1 O-O 8. d4
Nxe4 9. Bxf7+ Rxf7 10. Rxe4 d5 11. Re1 cxd4 12. Nxd4 e5 13. Ne2 Be6 14. Na3 Qh4
15. Ng3 Raf8 16. f3 Ne7 17. Be3 Nf5 18. Bf2 Qd8 19. Bc5 Nxg3 20. hxg3 Re8 21.
Nc2 Qg5 22. Bf2 h5 23. Qc1 Qf6 24. Re2 g5 25. Be3 Bh6 26. Ne1 Kh7 27. Nd3 d4
28. Bd2 Bc4 29. Qc2 Qf5 30. Re4 Bd5 31. g4 Qf6 32. Rxe5 Rd8 33. Rxd5 Rxd5 34.
Ne5+ Kg8 35. Nxf7 Qxf7 36. cxd4 Rxd4 37. Qc8+ Kh7 38. Bc3 Rc4 39. Qh8+ Kg6 40.
Rd1 Rc6 41. Qd4 hxg4 42. fxg4 Bg7 43. Qd3+ Kh6 44. Qh3+ 1-0

[Event "CAN-ch Seniors 65+"]
[Site "Etobicoke CAN"]
[Date "2023.08.06"]
[Round "4.6"]
[White "Szucs, Nadia"]
[Black "Finlay, Ian"]
[Result "0-1"]
[WhiteElo "1633"]
[BlackElo "1833"]
[PlyCount "74"]
[EventDate "2023.08.04"]
[EventType "swiss"]
[EventRounds "7"]
[EventCountry "CAN"]

1. e4 c5 2. Nf3 d6 3. c3 Nf6 4. Bb5+ Bd7 5. Bxd7+ Qxd7 6. d3 Nc6 7. Be3 e6 8.
Nbd2 Be7 9. O-O b5 10. d4 O-O 11. Qc2 Qc7 12. h3 Rfc8 13. Qd3 Rab8 14. b3 cxd4
15. cxd4 Nb4 16. Qe2 Qb7 17. a3 Nc2 18. Rac1 Nxa3 19. Bg5 h6 20. Bh4 Rc2 21.
Qd3 Rxc1 22. Rxc1 Rc8 23. Rxc8+ Qxc8 24. g4 Qc2 25. Qe3 Nb1 26. Bg3 Nxd2 27.
Nxd2 d5 28. e5 Ne4 29. Nf1 Bb4 30. f3 Nc3 31. g5 Ne2+ 32. Kh1 Nxg3+ 33. Nxg3
Qd2 34. Qxd2 Bxd2 35. gxh6 Bxh6 36. Ne2 Bd2 37. Kg2 a5 0-1

[Event "CAN-ch Seniors 65+"]
[Site "Etobicoke CAN"]
[Date "2023.08.06"]
[Round "5.1"]
[White "Loadman, Ian"]
[Black "Bluvshtein, Ilia"]
[Result "1/2-1/2"]
[WhiteElo "2132"]
[BlackElo "2076"]
[PlyCount "54"]
[EventDate "2023.08.04"]
[EventType "swiss"]
[EventRounds "7"]
[EventCountry "CAN"]

1. e4 e5 2. Nf3 Nc6 3. Bb5 f5 4. d3 Nf6 5. exf5 Bc5 6. O-O O-O 7. Nc3 d6 8. Ne4
Bb6 9. Ng3 Nd4 10. Nxd4 Bxd4 11. c3 Bb6 12. Ba4 c6 13. Be3 Qe8 14. Bxb6 axb6
15. Bc2 h5 16. d4 h4 17. Ne4 Nxe4 18. Bxe4 d5 19. Qb3 exd4 20. Rae1 Qf7 21. Bb1
Bxf5 22. cxd4 Bxb1 23. Rxb1 Rae8 24. h3 b5 25. Qd3 Qf4 26. Rbd1 Rf6 27. Qd2 Qf5
1/2-1/2

[Event "CAN-ch Seniors 65+"]
[Site "Etobicoke CAN"]
[Date "2023.08.06"]
[Round "5.3"]
[White "Berengolts, Isai"]
[Black "Brown, John R"]
[Result "1-0"]
[WhiteElo "2018"]
[BlackElo "1343"]
[PlyCount "39"]
[EventDate "2023.08.04"]
[EventType "swiss"]
[EventRounds "7"]
[EventCountry "CAN"]

1. e4 Nc6 2. Nc3 e5 3. Bc4 Nf6 4. d3 Na5 5. Bb3 Nxb3 6. axb3 c6 7. Nf3 d6 8. h3
h6 9. O-O Be7 10. Be3 b6 11. d4 Nd7 12. Qd2 Bb7 13. Rfd1 c5 14. dxe5 dxe5 15.
Qe2 f6 16. Nh4 h5 17. Ng6 Rh7 18. Qf3 Qc8 19. Qf5 Bf8 20. Qe6+ 1-0

[Event "CAN-ch Seniors 65+"]
[Site "Etobicoke CAN"]
[Date "2023.08.06"]
[Round "5.4"]
[White "Finlay, Ian"]
[Black "Verde, Pino"]
[Result "1-0"]
[WhiteElo "1833"]
[BlackElo "1473"]
[PlyCount "71"]
[EventDate "2023.08.04"]
[EventType "swiss"]
[EventRounds "7"]
[EventCountry "CAN"]

1. Nf3 g6 2. g3 d6 3. Bg2 Bg7 4. d3 c6 5. e4 e5 6. Nbd2 Na6 7. O-O h5 8. Nh4
Nh6 9. Nc4 g5 10. Nf3 Bf6 11. d4 g4 12. dxe5 Kf8 13. Ne1 Be6 14. exf6 Bxc4 15.
Nd3 Qxf6 16. Bf4 Qe6 17. Re1 Rd8 18. e5 d5 19. Bg5 Re8 20. Nf4 Qf5 21. Bf6 Rh7
22. b3 Nb4 23. bxc4 Nxc2 24. cxd5 Nxe1 25. Qxe1 cxd5 26. Bxd5 Qd7 27. Rd1 Nf5
28. Be4 Qc8 29. Qb4+ Kg8 30. Qb1 Qc3 31. Bxf5 Rh6 32. Nd5 Qc5 33. Bd7 Re6 34.
Bxe6 fxe6 35. Ne7+ Kf7 36. Bg5 1-0

[Event "CAN-ch Seniors 65+"]
[Site "Etobicoke CAN"]
[Date "2023.08.06"]
[Round "5.5"]
[White "Wood, Monika"]
[Black "Glew, Richard"]
[Result "1/2-1/2"]
[WhiteElo "1146"]
[BlackElo "1721"]
[PlyCount "95"]
[EventDate "2023.08.04"]
[EventType "swiss"]
[EventRounds "7"]
[EventCountry "CAN"]

1. d4 Nf6 2. Nf3 g6 3. Bf4 Bg7 4. e3 O-O 5. Bd3 c5 6. c3 d6 7. O-O Nc6 8. h3 a6
9. Nbd2 b5 10. dxc5 dxc5 11. Be4 Nxe4 12. Nxe4 Qb6 13. Qd5 c4 14. Qc5 Qxc5 15.
Nxc5 h5 16. Bg3 b4 17. Rfc1 bxc3 18. bxc3 a5 19. Rab1 Nd8 20. a4 Ne6 21. Ne4
Bd7 22. Ned2 Rfc8 23. Be5 f6 24. Bg3 Bxa4 25. Nd4 Bd7 26. Rb7 Nc5 27. Rc7 e5
28. Rxc8+ Rxc8 29. Nc2 Rb8 30. e4 Nb3 31. Rd1 Be6 32. f4 Rd8 33. Be1 exf4 34.
Kf2 f5 35. Ke2 Bxc3 36. Nxb3 Rxd1 37. Kxd1 Bxe1 38. Nbd4 Bc3 39. Nxe6 fxe4 40.
Nxf4 Kf7 41. Nd5 Be5 42. Nde3 Bc3 43. Nxc4 Ke6 44. Ke2 g5 45. g4 hxg4 46. hxg4
Kd5 47. N4e3+ Ke5 48. Nc4+ 1/2-1/2

[Event "CAN-ch Seniors 65+"]
[Site "Etobicoke CAN"]
[Date "2023.08.06"]
[Round "5.6"]
[White "Benggawan, Undriadi"]
[Black "Szucs, Nadia"]
[Result "1-0"]
[WhiteElo "1327"]
[BlackElo "1633"]
[PlyCount "60"]
[EventDate "2023.08.04"]
[EventType "swiss"]
[EventRounds "7"]
[EventCountry "CAN"]

1. d4 d5 2. Bf4 e6 3. Nf3 c5 4. Nc3 Nc6 5. e3 a6 6. Be2 Qb6 7. Na4 Qb4+ 8. c3
Qa5 9. O-O c4 10. b4 Qd8 11. Rc1 Nf6 12. Nd2 Be7 13. e4 Nxe4 14. Nxe4 dxe4 15.
Nc5 Qd5 16. f3 Qf5 17. Qd2 g5 18. Bg3 exf3 19. Bxf3 g4 20. Be4 Qh5 21. Rb1 O-O
22. Qe2 Bxc5 23. bxc5 f5 24. Bxc6 bxc6 25. Bd6 Rf7 26. Bf4 Qg6 27. Rb6 h5 28.
Rxc6 Bb7 29. Rxe6 Qh7 30. Rh6 Qg7 1-0

[Event "CAN-ch Seniors 65+"]
[Site "Etobicoke CAN"]
[Date "2023.08.07"]
[Round "6.2"]
[White "Finlay, Ian"]
[Black "Loadman, Ian"]
[Result "1/2-1/2"]
[WhiteElo "1833"]
[BlackElo "2132"]
[PlyCount "44"]
[EventDate "2023.08.04"]
[EventType "swiss"]
[EventRounds "7"]
[EventCountry "CAN"]

1. e4 e5 2. Nf3 Nc6 3. d4 exd4 4. Nxd4 Nf6 5. Nc3 Bb4 6. Nxc6 bxc6 7. Bd3 O-O
8. O-O d5 9. exd5 Bg4 10. f3 Bh5 11. Bg5 Qd6 12. Bxf6 Qxf6 13. Ne4 Qxb2 14. c3
Bxc3 15. Nxc3 Qxc3 16. Rc1 Qd4+ 17. Rf2 Qxd5 18. Qc2 Bg6 19. Bxg6 hxg6 20. Qxc6
Rfd8 21. Qxd5 Rxd5 22. Rxc7 Rd1+ 1/2-1/2

[Event "CAN-ch Seniors 65+"]
[Site "Etobicoke CAN"]
[Date "2023.08.07"]
[Round "6.3"]
[White "Fradkin, Benjamin"]
[Black "Bluvshtein, Ilia"]
[Result "0-1"]
[WhiteElo "1906"]
[BlackElo "2076"]
[PlyCount "84"]
[EventDate "2023.08.04"]
[EventType "swiss"]
[EventRounds "7"]
[EventCountry "CAN"]

1. d4 Nf6 2. Nf3 g6 3. g3 Bg7 4. Bg2 O-O 5. O-O d5 6. c4 dxc4 7. Na3 c5 8. Nxc4
Nc6 9. dxc5 Be6 10. Nfe5 Nxe5 11. Qxd8 Rfxd8 12. Nxe5 Nd5 13. Nd3 Rac8 14. Bd2
b6 15. cxb6 Nxb6 16. Ba5 Rc2 17. Nb4 Rxe2 18. Nc6 Rd7 19. Rad1 Rxd1 20. Rxd1
Bxb2 21. Bf3 Rc2 22. Rd8+ Kg7 23. Kg2 Nc4 24. Kg1 Nxa5 25. Nxa5 Bxa2 26. Nc6 e5
27. Nb4 Rc1+ 28. Kg2 Bc4 29. Nd3 Bxd3 30. Rxd3 Bd4 31. Rd2 a5 32. Bd1 Rb1 33.
f4 Rb2 34. Rxb2 Bxb2 35. fxe5 Bxe5 36. h4 h5 37. Kf3 Kf6 38. g4 hxg4+ 39. Kxg4
Bc3 40. Bb3 Bd2 41. h5 Kg7 42. hxg6 fxg6 0-1

[Event "CAN-ch Seniors 65+"]
[Site "Etobicoke CAN"]
[Date "2023.08.07"]
[Round "6.4"]
[White "Brown, John R"]
[Black "Verde, Pino"]
[Result "0-1"]
[WhiteElo "1343"]
[BlackElo "1473"]
[PlyCount "41"]
[EventDate "2023.08.04"]
[EventType "swiss"]
[EventRounds "7"]
[EventCountry "CAN"]

1. e4 g6 2. Nc3 Bg7 3. d4 d6 4. f3 c6 5. Bc4 e6 6. Nge2 Ne7 7. Be3 Nd7 8. Qd2
h5 9. O-O-O b5 10. Bd3 a5 11. Rdf1 a4 12. Bxb5 cxb5 13. Nxb5 Qb6 14. Qb4 O-O
15. Nec3 Ba6 16. Re1 Nc6 17. Qxd6 Bxb5 18. d5 Bd4 19. Bxd4 Nxd4 20. Nxb5 Qxb5
21. c4 0-1

[Event "CAN-ch Seniors 65+"]
[Site "Etobicoke CAN"]
[Date "2023.08.07"]
[Round "6.5"]
[White "Glew, Richard"]
[Black "Benggawan, Undriadi"]
[Result "0-1"]
[WhiteElo "1721"]
[BlackElo "1327"]
[PlyCount "60"]
[EventDate "2023.08.04"]
[EventType "swiss"]
[EventRounds "7"]
[EventCountry "CAN"]

1. e4 c5 2. Nf3 g6 3. d4 cxd4 4. Nxd4 Bg7 5. Bc4 Nc6 6. Be3 Nf6 7. Nc3 O-O 8.
f3 a6 9. Qd2 b5 10. Nxc6 dxc6 11. Qxd8 Rxd8 12. Bb3 Nd7 13. a4 b4 14. Nd1 a5
15. c3 c5 16. cxb4 axb4 17. Bd5 Ra5 18. Bf4 Ne5 19. Ke2 Ba6+ 20. Ke3 e6 21.
Bxe5 Bxe5 22. Bc6 Rd3+ 23. Kf2 Rd6 24. Ba8 Bc8 25. Ne3 Rxa8 26. Nc4 Bd4+ 27.
Kg3 Rc6 28. a5 Ba6 29. Nb6 Rd8 30. Rad1 Rcd6 0-1

[Event "CAN-ch Seniors 65+"]
[Site "Etobicoke CAN"]
[Date "2023.08.07"]
[Round "6.6"]
[White "Szucs, Nadia"]
[Black "Wood, Monika"]
[Result "0-1"]
[WhiteElo "1633"]
[BlackElo "1146"]
[PlyCount "60"]
[EventDate "2023.08.04"]
[EventType "swiss"]
[EventRounds "7"]
[EventCountry "CAN"]

1. e4 e5 2. Nf3 Nc6 3. Bc4 h6 4. O-O Bc5 5. Nc3 d6 6. h3 Nf6 7. a3 O-O 8. d3 a6
9. Bd2 Bd4 10. Rb1 Re8 11. Re1 Be6 12. Bxe6 Rxe6 13. Ne2 b5 14. Ng3 Re8 15. Nf5
Kh8 16. Qc1 Ng8 17. Bxh6 gxh6 18. Nxh6 Qf6 19. Ng4 Qf4 20. c3 Qxc1 21. Rbxc1
Bb6 22. Nh4 Re6 23. Nf5 Rg6 24. Kh2 Nge7 25. Nfe3 Bxe3 26. Nxe3 Rh6 27. d4 Ng6
28. Nf5 Rh7 29. dxe5 Ncxe5 30. f4 Nd3 0-1

[Event "CAN-ch Seniors 65+"]
[Site "Etobicoke CAN"]
[Date "2023.08.07"]
[Round "7.1"]
[White "Bluvshtein, Ilia"]
[Black "Finlay, Ian"]
[Result "1-0"]
[WhiteElo "2076"]
[BlackElo "1833"]
[PlyCount "119"]
[EventDate "2023.08.04"]
[EventType "swiss"]
[EventRounds "7"]
[EventCountry "CAN"]

1. e4 e5 2. Nf3 Nc6 3. d4 exd4 4. Nxd4 Qh4 5. Nc3 Bb4 6. Ndb5 Qxe4+ 7. Be2 Kd8
8. O-O Bxc3 9. bxc3 Nf6 10. Bf3 Qc4 11. Rb1 Ne5 12. Bg5 h6 13. Rb4 Nxf3+ 14.
Qxf3 Qc6 15. Qh5 Re8 16. Bh4 d5 17. Qxf7 Re7 18. Qg6 a5 19. Rb3 Ra6 20. Rd1 Qe6
21. h3 c5 22. c4 d4 23. c3 Bd7 24. cxd4 Bxb5 25. cxb5 Rd6 26. Re3 Qd7 27. Rf3
Qe6 28. d5 Qe4 29. Qg3 Qe5 30. Qxe5 Rxe5 31. Rfd3 Re4 32. Bg3 Rd7 33. b6 c4 34.
R3d2 c3 35. Rd3 c2 36. Rc1 Rc4 37. d6 Ne4 38. Be5 Rc6 39. Kf1 Nxd6 40. Rd2 Nc4
41. Bc7+ Ke7 42. Rdxc2 Nd2+ 43. Kg1 Rxc2 44. Rxc2 Kf7 45. f3 Nb1 46. Kh2 Rd2
47. Rc1 Na3 48. Bf4 Rc2 49. Rd1 Re2 50. Rd7+ Re7 51. Rd4 Ke6 52. Ra4 Nb5 53.
Rxa5 Nc3 54. Re5+ Kd7 55. Rxe7+ Kxe7 56. Be5 Nxa2 57. Bxg7 h5 58. g4 Kf7 59.
Bh6 Kg6 60. Bd2 1-0

[Event "CAN-ch Seniors 65+"]
[Site "Etobicoke CAN"]
[Date "2023.08.07"]
[Round "7.3"]
[White "Berengolts, Isai"]
[Black "Wood, Monika"]
[Result "1-0"]
[WhiteElo "2018"]
[BlackElo "1146"]
[PlyCount "61"]
[EventDate "2023.08.04"]
[EventType "swiss"]
[EventRounds "7"]
[EventCountry "CAN"]

1. e4 e5 2. Nf3 Nc6 3. Bc4 h6 4. O-O Bc5 5. c3 Nf6 6. d4 exd4 7. cxd4 d5 8.
exd5 Nxd5 9. dxc5 Nf6 10. Re1+ Ne7 11. Qxd8+ Kxd8 12. Ne5 Rf8 13. Nxf7+ Ke8 14.
Nd6+ Kd7 15. Nxc8 Raxc8 16. Be6+ Kc6 17. Bxc8 Nxc8 18. b4 Rd8 19. Nc3 Rd3 20.
Re3 Rxe3 21. Bxe3 b6 22. b5+ Kb7 23. c6+ Kb8 24. a4 Ne8 25. Bf4 Nf6 26. Rd1 g5
27. Be5 Ng4 28. Bxc7+ Kxc7 29. Rd7+ Kb8 30. Rb7+ Ka8 31. Nd5 1-0

[Event "CAN-ch Seniors 65+"]
[Site "Etobicoke CAN"]
[Date "2023.08.07"]
[Round "7.4"]
[White "Verde, Pino"]
[Black "Fradkin, Benjamin"]
[Result "0-1"]
[WhiteElo "1473"]
[BlackElo "1906"]
[PlyCount "115"]
[EventDate "2023.08.04"]
[EventType "swiss"]
[EventRounds "7"]
[EventCountry "CAN"]

1. g3 d5 2. Bg2 e5 3. d3 Nf6 4. Nd2 Bc5 5. e3 O-O 6. h3 Nc6 7. Ngf3 Re8 8. Nb3
Bb6 9. a4 a5 10. O-O h6 11. Bd2 e4 12. Nfd4 Ne5 13. f4 exf3 14. Nxf3 Ng6 15.
Qe1 c6 16. Nfd4 Bc7 17. Qf2 Qd6 18. Be1 Qe5 19. e4 dxe4 20. dxe4 Nh4 21. Nf3
Nxf3+ 22. Qxf3 Bb6+ 23. Bf2 Bxf2+ 24. Qxf2 Be6 25. Nc5 Rab8 26. b3 b6 27. Nd3
Qc3 28. e5 Nd5 29. Rae1 Rbd8 30. Re4 Nb4 31. Nxb4 Rd2 32. Qe3 axb4 33. Qxc3
bxc3 34. Rf2 Red8 35. Re3 Rxf2 36. Kxf2 Rd2+ 37. Re2 Bxb3 38. Be4 Bc4 39. Rxd2
cxd2 40. Bf3 Kf8 41. Ke3 Bd5 42. Bd1 Ke7 43. Kd4 Bg2 44. h4 c5+ 45. Kd3 Ke6 46.
Kxd2 Kxe5 47. Ke3 g5 48. hxg5 hxg5 49. Be2 f5 50. c3 Bd5 51. Bd1 Be4 52. Kf2 f4
53. g4 Bd5 54. Be2 Bb3 55. Bb5 Bd1 56. Bc6 Bxg4 57. Bg2 Bd7 58. Ke1 0-1

[Event "CAN-ch Seniors 65+"]
[Site "Etobicoke CAN"]
[Date "2023.08.07"]
[Round "7.5"]
[White "Brown, John R"]
[Black "Glew, Richard"]
[Result "1-0"]
[WhiteElo "1343"]
[BlackElo "1721"]
[PlyCount "71"]
[EventDate "2023.08.04"]
[EventType "swiss"]
[EventRounds "7"]
[EventCountry "CAN"]

1. e4 c5 2. Nc3 Nc6 3. f4 g6 4. Nf3 Bg7 5. Bb5 Nd4 6. O-O Nxb5 7. Nxb5 a6 8.
Nc3 b5 9. d3 e6 10. Qe1 Ne7 11. Ne2 d5 12. f5 exf5 13. e5 Qc7 14. Bf4 Be6 15.
d4 cxd4 16. Nexd4 Nc6 17. c3 O-O 18. Nxc6 Qxc6 19. Qh4 Qc4 20. Rfd1 f6 21. Rd4
Qc5 22. Be3 fxe5 23. Ng5 h5 24. Nxe6 Qc6 25. Nxg7 exd4 26. Bxd4 Rf7 27. Nxh5
gxh5 28. Qg5+ Kf8 29. Qxh5 Rc8 30. b4 Qe6 31. Qh4 Qg6 32. Qh8+ Qg8 33. Qh6+ Ke8
34. Qe6+ Kd8 35. Bb6+ Rcc7 36. Qxd5+ 1-0

[Event "CAN-ch U20"]
[Site "Toronto CAN"]
[Date "2023.07.06"]
[Round "1.2"]
[White "Guo, Anni"]
[Black "Hua, Eugene"]
[Result "1/2-1/2"]
[WhiteElo "2038"]
[BlackElo "2370"]
[PlyCount "162"]
[EventDate "2023.07.06"]
[EventType "swiss"]
[EventRounds "8"]
[EventCountry "CAN"]

1. e4 d5 2. exd5 Nf6 3. d4 Nxd5 4. c3 g6 5. Bd3 Bg7 6. Nf3 O-O 7. O-O Nc6 8.
Re1 a5 9. Bd2 Nb6 10. Na3 Bg4 11. Bf4 Nd5 12. Bg3 Qd7 13. h3 Bh5 14. Nc4 b5 15.
Nce5 Nxe5 16. Bxe5 Bxf3 17. Qxf3 c6 18. Be4 Rac8 19. Qe2 Rfe8 20. a4 b4 21.
Bxd5 Qxd5 22. c4 Qe6 23. Bxg7 Qxe2 24. Rxe2 Kxg7 25. Re5 Red8 26. Rxe7 Rxd4 27.
b3 Rd2 28. Rb1 Rcd8 29. Re5 Ra2 30. Rxa5 Rdd2 31. Rf1 Rdb2 32. Rc5 Rxb3 33.
Rxc6 Rxa4 34. c5 Rc3 35. Rb1 Rc2 36. Rb6 Raa2 37. R6xb4 Rxf2 38. Rg4 Rfc2 39.
Rb7 h5 40. Rg3 Ra1+ 41. Kh2 Rf1 42. Rc7 Rf5 43. Re7 Rcxc5 44. Ree3 Rc1 45. Rgf3
Rxf3 46. Rxf3 h4 47. Rf4 g5 48. Ra4 Kg6 49. Ra6+ f6 50. Rb6 Re1 51. Ra6 Kf5 52.
Ra5+ Kf4 53. Ra4+ Re4 54. Ra3 f5 55. Rf3+ Ke5 56. Kg1 Re2 57. Kf1 Ra2 58. Re3+
Kf4 59. Rf3+ Ke4 60. Rb3 Rd2 61. Ra3 Rd3 62. Ra2 Ke3 63. Re2+ Kf4 64. Rf2+ Ke4
65. Ra2 Rb3 66. Re2+ Kf4 67. Rf2+ Ke4 68. Re2+ Re3 69. Ra2 Rc3 70. Re2+ Kd3 71.
Re5 g4 72. hxg4 fxg4 73. Re1 g3 74. Re8 Rc1+ 75. Re1 Rxe1+ 76. Kxe1 Ke3 77. Kf1
Kd2 78. Kg1 Ke2 79. Kh1 h3 80. Kg1 h2+ 81. Kh1 Kf2 1/2-1/2